Welcome to CU Library Online Public Access Catalogue (OPAC)

A Comprehensive grammar of the English language / (Record no. 2447)

MARC details
000 -LEADER
fixed length control field 00600cam a2200193 a 4500
001 - CONTROL NUMBER
control field 480818
005 - DATE AND TIME OF LATEST TRANSACTION
control field 20241218164556.0
008 - FIXED-LENGTH DATA ELEMENTS--GENERAL INFORMATION
fixed length control field 841204s1985 enk b 001 0 eng
020 ## - INTERNATIONAL STANDARD BOOK NUMBER
International Standard Book Number 0582517346 :
Terms of availability £39.50
050 00 - LIBRARY OF CONGRESS CALL NUMBER
Classification number PE1106
Item number .C65 1985
082 00 - DEWEY DECIMAL CLASSIFICATION NUMBER
Classification number 428.2
Edition information 19
245 02 - TITLE STATEMENT
Title A Comprehensive grammar of the English language /
Statement of responsibility, etc. Randolph Quirk ... [et. al.] ; index by David Crystal.
260 ## - PUBLICATION, DISTRIBUTION, ETC.
Place of publication, distribution, etc. London ;
-- New York :
Name of publisher, distributor, etc. Longman,
Date of publication, distribution, etc. 1985.
300 ## - PHYSICAL DESCRIPTION
Extent x, 1779 p. ;
Dimensions 26 cm.
500 ## - GENERAL NOTE
General note Includes index.
650 #0 - SUBJECT ADDED ENTRY--TOPICAL TERM
Topical term or geographic name entry element English language
General subdivision Grammar.
700 1# - ADDED ENTRY--PERSONAL NAME
Personal name Quirk, Randolph.
942 ## - ADDED ENTRY ELEMENTS (KOHA)
Source of classification or shelving scheme Library of Congress Classification
Koha item type Books
Suppress in OPAC No
999 ## -
-- 2447
-- 2447
Holdings
Withdrawn status Lost status Source of classification or shelving scheme Damaged status Not for loan Collection Home library Current library Shelving location Date acquired Total checkouts Full call number Barcode Date last seen Copy number Price effective from Koha item type
    Library of Congress Classification     Non-fiction Undergraduate Library (Christ Temple) Undergraduate Library (Christ Temple) General stacks 12/18/2024   PE 1106 COM ulct00000733 12/18/2024 1 12/18/2024 Books
© 2023-2024 Copyright: Central University Libraries. All Rights Reserved | Created by: Mahone Tech Office